<?xml version="1.0" encoding="UTF-8"?>
<collection xmlns="http://www.loc.gov/MARC21/slim">
 <record>
  <leader>01857nam a2200229Ia 4500</leader>
  <controlfield tag="001">CTU_160406</controlfield>
  <controlfield tag="008">210402s9999    xx            000 0 und d</controlfield>
  <datafield tag="020" ind1=" " ind2=" ">
   <subfield code="c">86000</subfield>
  </datafield>
  <datafield tag="082" ind1=" " ind2=" ">
   <subfield code="a">658.8</subfield>
  </datafield>
  <datafield tag="082" ind1=" " ind2=" ">
   <subfield code="b">Ph562</subfield>
  </datafield>
  <datafield tag="100" ind1=" " ind2=" ">
   <subfield code="a">Phillips, Michael</subfield>
  </datafield>
  <datafield tag="245" ind1=" " ind2="0">
   <subfield code="a">Marketing không cần quảng cáo :</subfield>
  </datafield>
  <datafield tag="245" ind1=" " ind2="0">
   <subfield code="b">Bí quyết tạo dựng một doanh nghiệp trường tồn = Marketing without advertising</subfield>
  </datafield>
  <datafield tag="245" ind1=" " ind2="0">
   <subfield code="c">Michael Phillips, Salli Rasberry ; Nguyễn Ngọc Sơn dịch</subfield>
  </datafield>
  <datafield tag="260" ind1=" " ind2=" ">
   <subfield code="a">Thành phố Hồ Chí Minh</subfield>
  </datafield>
  <datafield tag="260" ind1=" " ind2=" ">
   <subfield code="b">Tổng hợp Thành phố Hồ Chí Minh</subfield>
  </datafield>
  <datafield tag="260" ind1=" " ind2=" ">
   <subfield code="c">2010</subfield>
  </datafield>
  <datafield tag="520" ind1=" " ind2=" ">
   <subfield code="a">Để đạt được thành công trong kinh doanh, thay vì phải sử dụng các phương thức quảng cáo tốn kém, vô ích, hãy tập trung vào việc cung cấp các dịch vụ vượt trội nào đó, khách hàng sẽ tìm đến bạn. Marketing không cần quảng cáo sẽ cung cấp cho bạn những chiến lược Marketing hiệu quả cao với chi phí vô cùng khiêm tốn, giúp bạn: Thu hút khách hàng quay trở lại, Tận dụng tối đa lợi thế của Internet, Thu hút sự quan tâm của giới truyền thông, Khuyến khích khách hàng truyền tải những thông điệp tích cực về doanh nghiệp của bạn,... Hãy để quyển sách này giúp bạn biến những điều không thể thành có thể...</subfield>
  </datafield>
  <datafield tag="650" ind1=" " ind2=" ">
   <subfield code="a">Internet Marketing,Services industries,Professions,Tiếp thị trên Internet,Ngành dịch vụ,Ngành nghề</subfield>
  </datafield>
  <datafield tag="650" ind1=" " ind2=" ">
   <subfield code="x">Marketing,Marketing,Tiếp thị,Tiếp thị</subfield>
  </datafield>
  <datafield tag="904" ind1=" " ind2=" ">
   <subfield code="i">Linh Cát, Trọng Hiếu</subfield>
  </datafield>
  <datafield tag="980" ind1=" " ind2=" ">
   <subfield code="a">Trung tâm Học liệu Trường Đại học Cần Thơ</subfield>
  </datafield>
 </record>
</collection>
